LEADER 01839nam0 2200409 i 450 001 VAN00053671 005 20260409025813.954 010 $a978-04-86602-21-9 100 $a20060928r19051952 |0itac50 ba 101 $aeng 102 $aUS 105 $a|||| ||||| 181 $ai$b e 182 $an 183 $anc 200 1 $aScience and hypothesis$fby H. Poincaré$gwith a preface by J. Larmor 210 $aNew York$cDover$d1952 215 $aXXVII, 244 p.$d21 cm 300 $aRipubblicazione integrale della traduzione in lingua inglese: Walter Scott publishing library, 1905 410 1$1001VAN00050828$12001 $aDover classics of science and mathematics$1210 $aNew York$cDover 500 1$3VAN00304476$aˆLa ‰science et l'hypothèse$921330 606 $a00-XX$xGeneral and overarching topics; collections [MSC 2020]$3VANC025238$2MF 620 $aUS$dNew York$3VANL000011 700 1$aPoincaré$bHenri$3VANV020977$0416664 702 1$aLarmor$bJoseph$3VANV042366 712 $aDover $3VANV108158$4650 790 1$aPoincaré, H.$zPoincaré, Henri$3VANV081731 790 1$aPoincaré, Jules Henri$zPoincaré, Henri$3VANV081732 790 1$aLarmor, J.$zLarmor, Joseph$3VANV261127 790 1$aLarmor, Joseph $zLarmor, Joseph$3VANV261128 801 $aIT$bSOL$c20260410$gRICA 856 4 $uhttps://books.google.it/books?id=OA9SzNb7FpoC&pg=PA3&dq=9780486602219&hl=it&sa=X&ved=0ahUKEwiYwd2TwfjbAhXThqYKHT97AZsQ6AEIJzAA#v=onepage&q&f=false$zPreview 899 $aBIBLIOTECA DEL DIPARTIMENTO DI MATEMATICA E FISICA$1IT-CE0120$2VAN08 912 $aVAN00053671 950 $aBIBLIOTECA DEL DIPARTIMENTO DI MATEMATICA E FISICA$d08PREST 00-XX 3398 $e08 663 II 20060928 996 $aScience et l'hypothèse$921330 997 $aUNICAMPANIA